000 00506nam a2200205Ia 4500
005 20250425160915.0
008 250425s9999 xx 000 0 und d
020 _a0408004762
041 _aeng
082 _a721.02854
100 _aREYNOLDS, DONALD MARTIN
245 0 _aCOMPUTER METHODS FOR ARCHITECTS
250 _a1ST ED.
260 _aLONDON
260 _aReino Unido
_bBUTTERWORTH
_c1980
300 _a149
650 _aARQUITECTURA-PROCESAMIENTO DE DATOS
942 _c01
010 _a8089
999 _c198621
_d198621